Can't your child hear? : a guide for those who care about deaf children /

Bibliographic Details
Main Author: Freeman, Roger D.
Corporate Author: International Association of Parents of the Deaf
Other Authors: Carbin, Clifton F., Boese, Robert J.
Format: Book
Language:English
Published: Baltimore : University Park Press, [1981]
Subjects:

MARC

Tag First Indicator Second Indicator Subfields
LEADER 00000pam a2200000 a 4500
001 in00000086970
005 20151008064645.0
008 810306s1981 mdua b 00110 eng b
010 |a  81004993  
020 |a 0839116160 
035 |a (OCoLC)07271834 
035 |9 AAK4573AM 
039 0 |a 2  |b 3  |c 3  |d 3  |e 3 
040 |a DLC  |c DLC  |d TXA  |d UtOrBLW 
049 |a TXAM  |c [387941] 
050 0 0 |a HV2391  |b .F73 
060 0 |a WV 271 F855c 
082 0 |a 362.4/2/088054  |2 19 
100 1 |a Freeman, Roger D. 
245 1 0 |a Can't your child hear? :  |b a guide for those who care about deaf children /  |c by Roger D. Freeman, Clifton F. Carbin, Robert J. Boese ; sponsored by the International Association of Parents of the Deaf. 
264 1 |a Baltimore :  |b University Park Press,  |c [1981] 
264 4 |c ©1981 
300 |a xxi, 340 pages :  |b illustrations ;  |c 23 cm. 
336 |a text  |b txt  |2 rdacontent 
337 |a unmediated  |b n  |2 rdamedia 
338 |a volume  |b nc  |2 rdacarrier 
500 |a Includes index. 
504 |a Bibliography: pages 313-329. 
650 0 |a Deaf children. 
650 0 |a Deaf children  |x Family relationships. 
650 0 |a Deaf  |x Education. 
650 0 |a Deafness in children. 
650 2 |a Deafness  |x In infancy and childhood  |x Popular works. 
700 1 |a Carbin, Clifton F. 
700 1 |a Boese, Robert J. 
710 2 |a International Association of Parents of the Deaf. 
999 |a MARS 
999 f f |s 1d0d428b-9939-3a22-91c6-30b8a9aca704  |i 5c877c9b-451b-3a38-b7da-c35365706f93  |t 0 
952 f f |p ric  |a Texas A&M University  |b Rellis Campus  |c Joint Library Facility  |d Remote Storage  |t 0  |e HV2391 .F73  |h Library of Congress classification  |i unmediated -- volume  |m A14806146136 
998 f f |a HV2391 .F73  |t 0  |l Remote Storage